Zúčtovacie vzťahy so zamestnancami a orgánmi sociálneho poistenia a zdravotného poistenia bakalárska práca

Na minha lista:
Detalhes bibliográficos
Autor principal: Fidlušová, Eva
Autor Corporativo: Fakulta hospodárskej informatiky EU. Katedra účtovníctva a audítorstva
Outros Autores: Rusňáková, Lucia
Formato: Livro
Idioma:eslovaco
Publicado em: Bratislava 2010
Tags: Adicionar Tag
Sem tags, seja o primeiro a adicionar uma tag!

MARC

LEADER 00000nam$a2200000$$$4500
001 0136915
005 20240320072900.4
041 0 |a slo 
044 |a SK 
245 1 0 |a Zúčtovacie vzťahy so zamestnancami a orgánmi sociálneho poistenia a zdravotného poistenia  |b bakalárska práca  |c Eva Fidlušová ; školiteľ: Lucia Rusňáková 
264 1 |a Bratislava  |c 2010 
300 |a 40 s. 
100 1 |a Fidlušová, Eva 
700 1 |a Rusňáková, Lucia 
710 2 |a Fakulta hospodárskej informatiky EU. Katedra účtovníctva a audítorstva